000 00587nam a2200181Ia 4500
008 100920s9999 xx 000 0 und d
082 _b70297
_a24 थ 97
100 _aभेण्डे सुभाष.
245 _aअगतिक आणि अदेशी.
260 _bदिलीप प्रकाशन, मुंबई 4.
_c1997
300 _a179
_bसाधी
365 _b100
520 _aसायो.
630 _aअगतिक आणि अदेशी.
650 _aसायो.
730 _aअगतिक आणि अदेशी.
942 _cBOOK
999 _c712328
_d712325